000 00786nam a2200217Ii 4500
003 JO-AjNU
008 230605s9999||||xx |||||||||||||| ||und||
017 _a1973/5158
040 _aJO-AjNU
_bara
_erda
_cJO-AjNU
041 _aara
050 1 4 _aBP183.3.A2222 1973
100 3 _aسالم، عبد المقصود محمد ,
_eauthor
_917593
245 0 0 _aأنوار الحق في الصلاة على سيد الخلق سيدنا ومولانا محمد صلى الله عليه وسلم
250 _aط14
264 3 1 _aالقاهرة: شركة الشمرلي للطباعة والنشر، 1973
300 _a96ص
336 _atext
_btxt
_2rdacontent
337 _aunmediated
_bn
_2rdamedia
338 _avolume
_bnc
_2rdacarrier
650 4 _aالادعية والاوراد
_917594
999 _aA5465
_c9033
_d9033